| 000 | 01563cam a2200397 i 4500 | ||
|---|---|---|---|
| 001 | data | ||
| 005 | 20260322212115.0 | ||
| 008 | data | ||
| 035 | _a18750330 | ||
| 906 |
_a7 _bcbc _ccopycat _d2 _encip _f20 _gy-gencatlg |
||
| 925 | 0 |
_aacquire _b1 shelf copy _xpolicy default |
|
| 010 | _a 2015451455 | ||
| 020 |
_a9781435140660 _qhardcover |
||
| 020 | _a1435140664 | ||
| 035 | _a(OCoLC)821067225 | ||
| 040 |
_aIMF _beng _erda _cIMF _dDLC _dDLC |
||
| 042 | _alccopycat | ||
| 050 | 0 | 0 |
_aBL783 _b.A23 2012 |
| 245 | 0 | 0 |
_a30-second mythology : _bthe 50 most important classical myths, monsters, heroes, and Gods, each explained in half a minute / _ceditor, Robert A. Segal ; contributors Viv Croot, Susan Deacy, Emma Griffiths, William Hansen, Geoffrey Miles, Barry B. Powell, Robert A. Segal. |
| 246 | 3 | _aThirty second mythology | |
| 264 | 1 |
_aNew York : _bMetro Books, _c2012. |
|
| 300 |
_a160 pages : _bcolor illustrations ; _c24 cm |
||
| 336 |
_atext _btxt _2rdacontent |
||
| 337 |
_aunmediated _bn _2rdamedia |
||
| 338 |
_avolume _bnc _2rdacarrier |
||
| 504 | _aIncludes bibliographical references (pages 154-156) and index. | ||
| 650 | 0 | _aMythology, Classical. | |
| 650 | 0 | _aMythology, Greek. | |
| 650 | 0 | _aMythology, Roman. | |
| 650 | 7 |
_aMythology. _2fast _0(OCoLC)fst01031701 |
|
| 650 | 7 |
_aMythology, Classical. _2fast _0(OCoLC)fst01031758 |
|
| 650 | 7 |
_aMythology, Greek. _2fast _0(OCoLC)fst01031804 |
|
| 650 | 7 |
_aMythology, Roman. _2fast _0(OCoLC)fst01031887 |
|
| 700 | 1 | _aSegal, Robert Alan. | |
| 999 |
_c1737 _d1737 |
||